Nociones de Derecho Procesal Civil y Administrativo (Registro nro. 1862)

Detalles MARC
000 -LEADER
fixed length control field 01627 a2200229 4500
001 - CONTROL NUMBER
control field 29437
005 - DATE AND TIME OF LATEST TRANSACTION
control field 20260407155604.0
008 - FIXED-LENGTH DATA ELEMENTS--GENERAL INFORMATION
fixed length control field 260407a1995 arg spa d
003 - CONTROL NUMBER IDENTIFIER
control field AR-UNSa-BCEJYS
040 ## - CATALOGING SOURCE
Original cataloging agency AR-UNSa-BCEJYS
Language of cataloging spa
Transcribing agency AR-UNSa-BCEJYS
080 ## - UNIVERSAL DECIMAL CLASSIFICATION NUMBER
Universal Decimal Classification number 336.225
Common auxiliary subdivision Método de tributación y administración de impuestos
020 ## - INTERNATIONAL STANDARD BOOK NUMBER
International Standard Book Number 950-811-025-2
041 ## - LANGUAGE CODE
Language code of text/sound track or separate title spa
100 1# - MAIN ENTRY--PERSONAL NAME
Personal name Gomez, Oscar Daniel
245 10 - TITLE STATEMENT
Title Nociones de Derecho Procesal Civil y Administrativo
264 #1 - PRODUCTION, PUBLICATION, DISTRIBUTION, MANUFACTURE, AND COPYRIGHT NOTICE
Place of production, publication, distribution, manufacture Buenos Aires :
Name of producer, publisher, distributor, manufacturer Ediciones Nueva Técnica
Date of production, publication, distribution, manufacture, or copyright notice 1995
300 ## - PHYSICAL DESCRIPTION
Extent 74 p.
Dimensions 28 cm.
505 ## - FORMATTED CONTENTS NOTE
Formatted contents note Modulo I: Nociones de derecho procesal civil : 1. Proceso - 2. Naturaleza jurídica - 3. Clases de procesos - 4. Principios procesales - 5. Jurisdicción y competencia - 6. Proceso contencioso - Modulo II: Nociones de procedimiento administrativo: 1. Procesos contenciosos administrativo y judicial.Proceso asministrativo - 2. Procedimientos administrativos - 3. Principios generales del procedimiento administrativo - 4. Acto administrativo - 5. Recursos administrativos - 6. Impuganación judicial de actos administrativos - Modulo III: Ley de procedimiento tributario: 1. Autonomía del derecho tributario - 2. Codificación limitada - Modulo IV: Dirección General Impositiva: 1. Carácter - 2. Superintendencia - 3. Competencia - 4. Funcionario a cargo:Director general - Modulo V: Interpretación de las leyes tributarias: 1. Concepto - 2. Métodos de interpretación - 3. Apreciación del hecho imponible:Principio de la realidad económica
590 ## - LOCAL NOTE (RLIN)
Local note niveau_biblio:m niveau_hierar:0
700 1# - ADDED ENTRY--PERSONAL NAME
Personal name Rofrano, Omar Angel
942 ## - ADDED ENTRY ELEMENTS (KOHA)
Koha item type
Existencias
Withdrawn status Lost status Damaged status Not for loan Home library Current library Shelving location Date acquired Total checkouts Full call number Barcode Date last seen Price effective from Koha item type
        Biblioteca Prof. Eusebio Cleto del Rey Biblioteca Prof. Eusebio Cleto del Rey   07/04/2026   336.225 C392c v.1 L70051 07/04/2026 07/04/2026 Libro
        Biblioteca Prof. Eusebio Cleto del Rey Biblioteca Prof. Eusebio Cleto del Rey   07/04/2026   336.225 C392c v.1 L70052 07/04/2026 07/04/2026 Libro